Learning through computers : an introduction to computer assisted learning in engineering, mathematics and the sciences at tertiary level /

Bibliographic Details
Other Authors: Tawney, David
Format: Book
Language:English
Published: London : Macmillan, 1979.
Subjects:

MARC

Tag First Indicator Second Indicator Subfields
LEADER 00000cam a2200000 i 4500
001 in00000050331
005 20151007065854.0
008 800313s1979 enka b 00100 eng
010 |a  80457007  
015 |a GB*** 
020 |a 0333235851 :  |c 11.00 
035 |a (OCoLC)05899693 
035 |9 AAE2867AM 
040 |a DLC  |c DLC  |d TXA  |d UtOrBLW 
043 |a e-uk--- 
049 |a TXAM  |c [1160227] 
050 0 0 |a Q183.4.G7  |b L42 
082 0 |a 507/.8 
245 0 0 |a Learning through computers :  |b an introduction to computer assisted learning in engineering, mathematics and the sciences at tertiary level /  |c edited by David A. Tawney. 
264 1 |a London :  |b Macmillan,  |c 1979. 
300 |a xiii, 261 pages :  |b illustrations ;  |c 24 cm. 
336 |a text  |b txt  |2 rdacontent 
337 |a unmediated  |b n  |2 rdamedia 
338 |a volume  |b nc  |2 rdacarrier 
504 |a Includes bibliographical references and index. 
650 0 |a Science  |x Study and teaching (Higher)  |z Great Britain. 
650 0 |a Science  |x Computer-assisted instruction. 
650 0 |a Engineering  |x Study and teaching (Higher)  |z Great Britain. 
650 0 |a Engineering  |x Computer-assisted instruction. 
700 1 |a Tawney, David. 
999 |a MARS 
999 f f |s 5d33e274-8d9e-3763-9457-963da91ed253  |i 6afc3969-1480-3e6f-a50c-b18cd9570377  |t 0 
952 f f |p ric  |a Texas A&M University  |b Rellis Campus  |c Joint Library Facility  |d Remote Storage  |t 0  |e Q183.4.G7 L42  |h Library of Congress classification  |i unmediated -- volume  |m A14804409180 
998 f f |a Q183.4.G7 L42  |t 0  |l Remote Storage